Classic TV Character Trademarks Quiz Stats

 Plays Quiz Updated Sep 11, 2016

Challenge
Share
Tweet
Embed
Score 0/40 Timer 07:00
1 Play Today
% Correct
Fonz (Happy Days)
89.5%
Davy Crockett
86.5%
Charlie Brown
85.6%
Chef (South Park)
84.8%
C.J. Parker (Baywatch)
83.7%
Bamm Bamm (Flintstones)
79.9%
Maggie Simpson
79.7%
Pebbles (Flintstones)
79.2%
B.A. Baracus (The A-Team)
78.5%
Kenny (South Park)
76.3%
Daisy Duke
75.5%
Al Borland (Home Improvement)
73.8%
Lone Ranger
72.2%
Maxwell Smart
69.1%
Jeannie (I Dream of Jeannie)
68.8%
Emma Peel (The Avengers)
68.2%
Cindy Brady
66.8%
Mr. Rogers
66.1%
Popeye
65.8%
Sue Sylvester (Glee)
64.4%
% Correct
Minnie Pearl (Hee Haw)
62.8%
Charlie Harper (Two and a Half Men)
62.6%
Columbo
62.5%
Mickey Mouse
61.8%
Carnac the Magnificent (Tonight Show)
59.5%
Gregory House
59.3%
Magnum, P.I.
59.3%
Wonder Woman
57.4%
Lisa Simpson
55.7%
Mork
53.3%
Crockett (Miami Vice)
53.1%
Kojak
52.3%
Colonel Klink (Hogan's Heroes)
51.2%
Sherlock Holmes
48.3%
Benton Fraser (Due South)
46.5%
Flying Nun
42.6%
Dick Tracy
42.4%
Zack Morris (Saved By the Bell)
37.4%
John Steed (Avengers)
33.9%
Noah Bennet (Heroes)
29.7%

You're not logged in!

Compare scores with friends on all Sporcle quizzes.
OR
Log In

You Might Also Like...

Show Comments

Extras

Top Quizzes Today


Score Distribution

Your Account Isn't Verified!

In order to create a playlist on Sporcle, you need to verify the email address you used during registration. Go to your Sporcle Settings to finish the process.

Report this User

Report this user for behavior that violates our Community Guidelines.

Details: